Estadísticas para Capital Aleatorio al País

Haz click aquí para tomar la prueba!

Estadísticas generales

  • Esta prueba ha sido tomada 11.880 veces
  • La puntuación promedio es 14 de 20

Estadísticas de respuestas

CapitalPaís% Correcto
ParísFrancia
100%
MadridEspaña
99%
AtenasGrecia
99%
MónacoMónaco
99%
BerlínAlemania
98%
BrasiliaBrasil
98%
SantiagoChile
98%
LuxemburgoLuxemburgo
98%
LondresReino Unido
98%
Andorra la ViejaAndorra
97%
Ciudad del VaticanoCiudad del Vaticano
97%
RomaItalia
97%
Ciudad de PanamáPanamá
97%
MoscúRusia
97%
EstocolmoSuecia
97%
CaracasVenezuela
97%
Buenos AiresArgentina
96%
PekínChina
96%
ZagrebCroacia
96%
Ciudad de GuatemalaGuatemala
96%
TokioJapón
96%
OsloNoruega
96%
San MarinoSan Marino
96%
La Paz / SucreBolivia
95%
OttawaCanadá
95%
BogotáColombia
95%
La HabanaCuba
95%
QuitoEcuador
95%
Washington D.C.Estados Unidos
95%
Nueva DelhiIndia
95%
JerusalénIsrael
95%
Ciudad de MéxicoMéxico
95%
LimaPerú
95%
LisboaPortugal
95%
BruselasBélgica
94%
SeúlCorea del Sur
94%
San SalvadorEl Salvador
94%
KuwaitKuwait
94%
ÁmsterdamPaíses Bajos
94%
SingapurSingapur
94%
KievUcrania
94%
MontevideoUruguay
94%
DublinIrlanda
93%
BucarestRumania
93%
VienaAustria
92%
SofíaBulgaria
92%
CopenhagueDinamarca
92%
El CairoEgipto
92%
ArgelArgelia
91%
CanberraAustralia
91%
Abu DabiEmiratos Árabes Unidos
91%
AsunciónParaguay
91%
AnkaraTurquía
91%
RabatMarruecos
90%
MinskBielorrusia
89%
PionyangCorea del Norte
89%
BudapestHungría
89%
TiranaAlbania
88%
La ValetaMalta
88%
TallinEstonia
87%
NairobiKenia
87%
BangkokTailandia
87%
HelsinkiFinlandia
86%
ReikiavikIslandia
86%
Santo Tomé y PríncipeSanto Tomé y Príncipe
86%
BratislavaEslovaquia
85%
VarsoviaPolonia
85%
PragaRepública Checa
85%
BernaSuiza
85%
TúnezTúnez
85%
Santo DomingoRepública Dominicana
84%
BelgradoSerbia
84%
KabulAfganistán
83%
SarajevoBosnia y Herzegovina
83%
DamascoSiria
83%
ManilaFilipinas
82%
PodgoricaMontenegro
82%
Ulán BatorMongolia
81%
YakartaIndonesia
80%
KingstonJamaica
80%
RigaLetonia
80%
SkopieMacedonia del Norte
80%
ManaguaNicaragua
80%
TaipéiTaiwán
80%
BagdadIrak
79%
BeirutLíbano
79%
VilnaLituania
79%
WellingtonNueva Zelanda
79%
YibutiYibuti
79%
LiublianaEslovenia
78%
TegucigalpaHonduras
78%
Kuala LumpurMalasia
78%
Puerto PríncipeHaití
76%
San JoséCosta Rica
75%
TiflisGeorgia
75%
TeheránIrán
75%
RiadArabia Saudita
74%
DohaCatar
74%
NicosiaChipre
74%
ChișinăuMoldavia
74%
PristinaKosovo
73%
BisáuGuinea-Bisáu
72%
HanóiVietnam
72%
VaduzLiechtenstein
70%
DakarSenegal
70%
Sri Jayawardenapura KotteSri Lanka
70%
PretoriaSudáfrica
69%
KatmandúNepal
68%
ErevánArmenia
67%
BakúAzerbaiyán
67%
Puerto EspañaTrinidad y Tobago
67%
IslamabadPakistán
65%
TrípoliLibia
64%
Nom PenCamboya
62%
BelmopánBelice
61%
AntananarivoMadagascar
61%
ParamariboSurinam
61%
LuandaAngola
60%
AstanáKazajistán
60%
KinsasaRepública Democrática del Congo
60%
AmánJordania
58%
UagadugúBurkina Faso
57%
SanáYemen
57%
MonroviaLiberia
56%
Adís AbebaEtiopía
55%
TaskentUzbekistán
55%
BiskekKirguistán
54%
Bandar Seri BegawanBrunéi
53%
YaundéCamerún
53%
AcraGhana
53%
AbuyaNigeria
53%
MascateOmán
53%
BrazzavilleRepública del Congo
53%
NasáuBahamas
52%
TimbuBután
52%
DiliTimor Oriental
52%
VientiánLaos
51%
MaléMaldivas
51%
JartumSudán
51%
DacaBangladés
50%
BridgetownBarbados
50%
SuvaFiyi
50%
FreetownSierra Leona
49%
Port LouisMauricio
48%
MaputoMozambique
48%
WindhoekNamibia
48%
KingstownSan Vicente y las Granadinas
48%
NaipyidóMyanmar
47%
NukualofaTonga
47%
KampalaUganda
47%
ConakriGuinea
46%
GeorgetownGuyana
46%
MogadiscioSomalia
46%
LoméTogo
46%
LibrevilleGabón
45%
HarareZimbabue
45%
MoroniComoras
44%
RoseauDominica
44%
BanjulGambia
44%
BanguiRepública Centroafricana
44%
VictoriaSeychelles
44%
DusambéTayikistán
44%
LusakaZambia
44%
YamenaChad
43%
BamakoMalí
43%
NiameyNíger
43%
AsjabadTurkmenistán
43%
Port VilaVanuatu
43%
ManamaBaréin
42%
PalikirEstados Federados de Micronesia
42%
Saint GeorgeGranada
42%
BasseterreSan Cristóbal y Nieves
42%
CastriesSanta Lucía
42%
DodomaTanzania
42%
Port MoresbyPapúa Nueva Guinea
41%
YamusukroCosta de Marfil
40%
NuakchotMauritania
40%
PraiaCabo Verde
39%
MalaboGuinea Ecuatorial
39%
KigaliRuanda
37%
Saint John'sAntigua y Barbuda
36%
Porto Novo / CotonúBenín
36%
LilongüeMalaui
36%
NgerulmudPalaos
36%
YubaSudán del Sur
36%
GitegaBurundi
35%
MaseruLesoto
35%
FunafutiTuvalu
35%
GaboroneBotsuana
33%
MajuroIslas Marshall
33%
HoniaraIslas Salomón
33%
MbabaneSuazilandia
33%
AsmaraEritrea
32%
Tarawa SurKiribati
32%
YarenNauru
31%
ApiaSamoa
30%

Distribución de puntuación

Porcentaje por número respondido

Porcentaje de gente con cada puntuación

Historial de tus puntuaciones

No has tomado esta prueba